[Event "10th SC 1400/1800"]
[Site "SchemingMind.com"]
[Date "2006.05.09"]
[Round "-"]
[White "AaronB"]
[Black "capablanca"]
[Result "0-1"]
[WhiteCountry "USA"]
[BlackCountry "GER"]
[WhiteElo "1577"]
[WhiteRD "67"]
[BlackElo "1599"]
[BlackRD "61"]
[GameID "50101"]

1. e4 e5 2. f4 Bc5 3. Nf3 d6 4. Nc3 Nf6 5. Bc4 Bg4 6. d3 Nc6 7. h3 Bxf3 8. Qxf3 Nd4 9. Qd1 exf4 10. Bxf4 O-O
11. Qd2 Re8 12. O-O-O Qd7 13. g4 Qd8 14. Rdg1 Nf3
0-1

[Event "10th SC 1400/1800"]
[Site "SchemingMind.com"]
[Date "2006.05.09"]
[Round "-"]
[White "capablanca"]
[Black "AaronB"]
[Result "1-0"]
[WhiteCountry "GER"]
[BlackCountry "USA"]
[WhiteElo "1599"]
[WhiteRD "61"]
[BlackElo "1577"]
[BlackRD "67"]
[GameID "50102"]

1. e4 c5 2. c3 Nf6 3. e5 Nd5 4. d4 cxd4 5. cxd4 d6 6. Nf3 Nc6 7. Bc4 Be6 8. Qb3 Qb6 9. exd6 Qxb3 10. Bxb3 Ndb4
11. dxe7 Bxe7 12. Kd2 Bxb3 13. axb3 O-O 14. Nc3 Rfd8 15. Ne2 Bf6 16. Kc3 Rd7 17. Be3 Nd5+ 18. Kd3 Ncb4+ 19. Kd2 Nxe3 20. fxe3 Rc8
21. Rhc1 Rdc7 22. Rxc7 Rxc7 23. Rxa7 h6 24. Nc3 Nc6 25. Ra8+ Kh7 26. Nd5 Rd7 27. Nxf6+ gxf6 28. Kc3 Kg6 29. g4 f5 30. h3 Rd8
31. Rxd8 Nxd8 32. d5 f6 33. gxf5+ Kxf5 34. Kd4 Kg6 35. Kc5 Kf7 36. Kd6 Ke8 37. Nd4 h5 38. Ne6 Nxe6 39. Kxe6
1-0

[Event "10th SC 1400/1800"]
[Site "SchemingMind.com"]
[Date "2006.05.09"]
[Round "-"]
[White "e_castle3"]
[Black "AaronB"]
[Result "1-0"]
[WhiteCountry "PHI"]
[BlackCountry "USA"]
[WhiteElo "1712"]
[WhiteRD "72"]
[BlackElo "1574"]
[BlackRD "61"]
[GameID "50109"]

1. e4 c5 2. Nf3 d6 3. Bc4 Nf6 4. Nc3 a6 5. a4 Nc6 6. O-O Bg4 7. h3 Bh5 8. g4 Bg6 9. Re1 h6 10. Bf1 e6
11. d3 Be7 12. Bg2 O-O 13. Ne2 e5 14. Ng3 b5 15. axb5 axb5 16. Rxa8 Qxa8 17. c3 Qa2 18. Re2 Qe6 19. Nh4 Ra8 20. Kh2 Ra1
21. Qc2 Nd7 22. Nhf5 Nb6 23. f4 Bxf5 24. Nxf5 Kf8 25. b3 g5 26. Nxe7 Qxe7 27. fxg5 hxg5 28. Qb2 Ra8 29. Qd2 f6 30. Rf2 Kg7
31. Kg3 Ra1 32. h4 gxh4+ 33. Kh3 Na5 34. Qh6+ Kf7 35. Bg5
1-0

[Event "10th SC 1400/1800"]
[Site "SchemingMind.com"]
[Date "2006.05.09"]
[Round "-"]
[White "e_castle3"]
[Black "capablanca"]
[Result "1-0"]
[WhiteCountry "PHI"]
[BlackCountry "GER"]
[WhiteElo "1712"]
[WhiteRD "72"]
[BlackElo "1590"]
[BlackRD "58"]
[GameID "50110"]

1. e4 e5 2. Nf3 d6 3. d4 f5 4. Nc3 exd4 5. Nxd4 fxe4 6. Nxe4 Qe7 7. Qe2 d5 8. Nc3 Qxe2+ 9. Bxe2 Nf6 10. h3 c5
11. Ndb5 Na6 12. Bg5 d4 13. Bxf6 gxf6 14. Nd5 Rb8 15. Nxf6+ Kd8 16. Nxa7 Nb4 17. O-O-O Bf5 18. Bd3 Nxd3+ 19. cxd3 Be7 20. Nd5 Bd7
21. Nb6 Kc7 22. Nxd7 Kxd7 23. Nb5 Kc6 24. a4 Rbf8 25. Rhf1 Rhg8 26. g3 Rf3 27. Kd2 Rgf8 28. Ke2 Bg5 29. Na3 R3f5 30. f4 Re8+
31. Kd2 Bh6 32. Rde1 Rfe5 33. Nc4 Rxe1 34. Rxe1 Rxe1 35. Kxe1 Bg7 36. Ke2 b5 37. axb5+ Kxb5 38. Kf3 Kc6 39. Ke4 Bf6 40. Kf5 Bd8
41. Ke6
1-0

[Event "10th SC 1400/1800"]
[Site "SchemingMind.com"]
[Date "2006.05.09"]
[Round "-"]
[White "AaronB"]
[Black "e_castle3"]
[Result "0-1"]
[WhiteCountry "USA"]
[BlackCountry "PHI"]
[WhiteElo "1574"]
[WhiteRD "61"]
[BlackElo "1712"]
[BlackRD "72"]
[GameID "50111"]

1. e4 e6 2. f4 d5 3. Nc3 dxe4 4. Nxe4 Nf6 5. Qf3 Nc6 6. Bb5 Bd7 7. c3 Be7 8. d4 Nxe4 9. Qxe4 Bh4+ 10. g3 Bf6
11. Nf3 Qe7 12. Be3 a6 13. Ba4 O-O 14. Bc2 g6 15. h4 Rad8 16. h5 Na5 17. Kf2 Bc6 18. Qd3 Bd5 19. Rh3 Bc4 20. Qd2 Bd5
21. hxg6 fxg6 22. b3 Bxf3 23. Kxf3 e5 24. Kg2 exd4 25. Bxd4 Qe6 26. Re1 Qd6 27. b4 Nc4 28. Bb3 Qd5+
0-1

[Event "10th SC 1400/1800"]
[Site "SchemingMind.com"]
[Date "2006.05.09"]
[Round "-"]
[White "capablanca"]
[Black "e_castle3"]
[Result "0-1"]
[WhiteCountry "GER"]
[BlackCountry "PHI"]
[WhiteElo "1590"]
[WhiteRD "58"]
[BlackElo "1712"]
[BlackRD "72"]
[GameID "50112"]

1. e4 e6 2. d4 d5 3. exd5 exd5 4. Bd3 g6 5. Qe2+ Qe7 6. Bg5 Qxe2+ 7. Nxe2 Bg7 8. O-O Nf6 9. Re1 O-O 10. Nbc3 c6
11. Nf4 Nbd7 12. Re7 h6 13. Bxf6 Bxf6 14. Re3 Bg5 15. Nce2 Nf6 16. h3 Nh5 17. Rf3 Nxf4 18. Nxf4 h5 19. Re1 Bd7 20. Ne2 Rae8
21. Kf1 Re7 22. Rg3 Bd2 23. Rd1 Bh6 24. Ng1= Rfe8 25. Be2 Bf5 26. Bd3 Bd2 27. Nf3 Bxd3+ 28. cxd3 Bf4
0-1

[Event "10th SC 1400/1800"]
[Site "SchemingMind.com"]
[Date "2006.05.24"]
[Round "-"]
[White "eregatky"]
[Black "AaronB"]
[Result "1-0"]
[WhiteCountry "ARG"]
[BlackCountry "USA"]
[WhiteElo "1873"]
[WhiteRD "130"]
[BlackElo "1574"]
[BlackRD "61"]
[GameID "50331"]

1. e4 e5 2. Nf3 f5 3. Bc4 d6 4. d3 Nf6 5. Nc3 Nc6 6. Ng5 Qe7 7. Bf7+ Kd7 8. O-O h6 9. Be6+ Ke8 10. Nd5 Nxd5
11. Qh5+
1-0

[Event "10th SC 1400/1800"]
[Site "SchemingMind.com"]
[Date "2006.06.01"]
[Round "-"]
[White "eregatky"]
[Black "capablanca"]
[Result "1-0"]
[WhiteCountry "ARG"]
[BlackCountry "GER"]
[WhiteElo "1873"]
[WhiteRD "130"]
[BlackElo "1590"]
[BlackRD "58"]
[GameID "50332"]

1. e4 e5 2. Nf3 Nc6 3. Bb5 a6 4. Ba4 Nge7 5. c3 b5 6. Bb3 Ng6 7. d4 d6 8. Ng5 d5 9. Bxd5 Bb7 10. Bxf7+ Ke7
11. d5 Nb8 12. Be6 Nd7 13. Nf7
1-0

[Event "10th SC 1400/1800"]
[Site "SchemingMind.com"]
[Date "2006.06.01"]
[Round "-"]
[White "eregatky"]
[Black "e_castle3"]
[Result "1-0"]
[WhiteCountry "ARG"]
[BlackCountry "PHI"]
[WhiteElo "1935"]
[WhiteRD "121"]
[BlackElo "1730"]
[BlackRD "69"]
[GameID "50333"]

1. e4 g6 2. d4 Bg7 3. c4 d6 4. Nc3 Nc6 5. Be3 e5 6. d5 Nce7 7. f3 Nf6 8. Qd2 h5 9. O-O-O Bd7 10. Bd3 c6
11. Kb1 Qc7 12. Nge2 a6 13. Bc2 c5 14. Rhf1 b5 15. b3 bxc4 16. bxc4 Qb6+ 17. Ka1 Nc8 18. Rb1 Qc7 19. Na4 Nh7 20. Rb2 Bf6
21. Rfb1 O-O 22. Rb7 Qd8 23. a3 Bh8 24. Nec3 f5 25. Ka2 Nf6 26. exf5 gxf5 27. Bh6 Rf7 28. Qg5+ Bg7 29. Bxf5 Qf8 30. Be6 Bxe6
31. dxe6 Rxb7 32. Rxb7 Ne8 33. Rf7
1-0

[Event "10th SC 1400/1800"]
[Site "SchemingMind.com"]
[Date "2006.05.11"]
[Round "-"]
[White "AaronB"]
[Black "eregatky"]
[Result "0-1"]
[WhiteCountry "USA"]
[BlackCountry "ARG"]
[WhiteElo "1577"]
[WhiteRD "67"]
[BlackElo "1863"]
[BlackRD "191"]
[GameID "50334"]

1. e4 c5 2. Nc3 d6 3. Nf3 Nf6 4. d4 cxd4 5. Nxd4 a6 6. Be2 e6 7. Bg5 Be7 8. O-O O-O 9. Qd3 Nbd7 10. Rfd1 Ne5
11. Qd2 b5 12. b4 Bb7 13. Bxf6 Bxf6 14. f4 Nc6 15. Nxc6 Bxc6 16. Bf3 Rc8 17. Rab1 Bxc3 18. Qxc3 Bxe4
0-1

[Event "10th SC 1400/1800"]
[Site "SchemingMind.com"]
[Date "2006.05.11"]
[Round "-"]
[White "capablanca"]
[Black "eregatky"]
[Result "1/2-1/2"]
[WhiteCountry "GER"]
[BlackCountry "ARG"]
[WhiteElo "1590"]
[WhiteRD "58"]
[BlackElo "1873"]
[BlackRD "130"]
[GameID "50335"]

1. e4 c5 2. c3 e6 3. d4 d5 4. dxc5 Bxc5 5. exd5 exd5 6. Nf3 Nf6 7. Bb5+ Bd7 8. c4 Qe7+ 9. Qe2 Qxe2+ 10. Kxe2 a6
11. Bxd7+ Nbxd7 12. cxd5 Nxd5 13. Re1 O-O 14. Kf1 N7f6 15. Ne5 Nb4 16. Na3 Bd4 17. Rb1 Rfe8 18. Nf3 Bc5 19. Bg5 Nxa2 20. Bxf6 gxf6
21. Nc4 b6 22. Ncd2 Bb4 23. Rxe8+ Rxe8 24. Ra1 Bxd2 25. Nxd2 Nb4 26. Nc4 b5 27. Ne3 Re5 28. Ng4 Rc5 29. Nxf6+=
1/2-1/2

[Event "10th SC 1400/1800"]
[Site "SchemingMind.com"]
[Date "2006.05.11"]
[Round "-"]
[White "e_castle3"]
[Black "eregatky"]
[Result "0-1"]
[WhiteCountry "PHI"]
[BlackCountry "ARG"]
[WhiteElo "1723"]
[WhiteRD "70"]
[BlackElo "1916"]
[BlackRD "122"]
[GameID "50336"]

1. e4 c5 2. Nf3 d6 3. Bc4 Nf6 4. Nc3 e6 5. O-O a6 6. a4 Be7 7. d4 cxd4 8. Nxd4 Nc6 9. Be3 Bd7 10. Bb3 O-O
11. f3 Rc8 12. Nce2 Na5 13. Ba2 Nc4 14. Bxc4 Rxc4 15. Ng3 Rxa4 16. Qd3 Rxa1 17. Rxa1 Qc7 18. c4 Rc8 19. b3 g6 20. Bg5 d5
21. exd5 e5 22. Bxf6 Bxf6 23. Ne4 Bg7 24. d6 Qd8 25. Ne2 Be6 26. Rd1 Rc6 27. f4 Bg4 28. Rf1 exf4 29. Nxf4 Bf5 30. Qd5 Bxe4
31. Qxe4 Rxd6 32. Qxb7 Rd1 33. Rxd1 Qxd1+ 34. Kf2 Bd4+ 35. Kg3 Be5 36. Qf3 Qd6 37. h4 h6 38. c5 Qf6 39. Qg4 g5 40. hxg5 hxg5
0-1

[Event "10th SC 1400/1800"]
[Site "SchemingMind.com"]
[Date "2006.05.12"]
[Round "-"]
[White "Richard W"]
[Black "AaronB"]
[Result "1-0"]
[WhiteCountry "ENG"]
[BlackCountry "USA"]
[WhiteElo "1779"]
[WhiteRD "93"]
[BlackElo "1577"]
[BlackRD "67"]
[GameID "50538"]

1. d4 Nf6 2. c4 g6 3. Nc3 Bg7 4. Nf3 O-O 5. Bg5 d6 6. e4 Bg4 7. Be2 Bxf3 8. Bxf3 Nbd7 9. O-O h6 10. Be3 c6
11. Qc1 Kh7 12. Rd1 e5 13. d5 cxd5 14. Nxd5 Nxd5 15. cxd5 Rc8 16. Qd2 f5 17. exf5 Rxf5 18. Bg4 Rf6 19. Bxd7 Qxd7 20. Bxa7 Rf5
21. Be3 Rc4 22. Rac1 Qc7 23. b3 Rxc1 24. Rxc1 Qd8 25. g3 Rf3 26. Rc4 Qd7 27. Rh4 h5 28. Qc2 Qf5 29. Qxf5 Rxf5 30. Rb4 Rf7
31. f4 exf4 32. Bxf4 Rd7 33. a4 Be5 34. Re4 Bxf4 35. Rxf4 Kg7 36. b4 b6 37. Rc4 Ra7 38. b5 Kf7 39. Rc6 Rxa4 40. Rxd6 Rd4
41. Rxb6 Rxd5 42. Rb8 Ke7 43. b6 Kd7 44. Rg8 g5 45. b7 Rd1+ 46. Kg2 Rd2+ 47. Kf3
1-0

[Event "10th SC 1400/1800"]
[Site "SchemingMind.com"]
[Date "2006.05.12"]
[Round "-"]
[White "Richard W"]
[Black "capablanca"]
[Result "1/2-1/2"]
[WhiteCountry "ENG"]
[BlackCountry "GER"]
[WhiteElo "1779"]
[WhiteRD "93"]
[BlackElo "1599"]
[BlackRD "61"]
[GameID "50539"]

1. d4 d5 2. c4 c6 3. Nc3 Nf6 4. cxd5 cxd5 5. Nf3 e6 6. Bg5 Be7 7. e3 O-O 8. Bd3 Nbd7 9. O-O Nb6 10. Qc2 g6
11. Bf4 Bd7 12. Rac1 Rc8 13. Qe2 Re8 14. Bb5 Bxb5 15. Nxb5 a6 16. Bc7 Qd7 17. Ne5 Qxb5 18. Qxb5 axb5 19. Bxb6 Bd6 20. Nf3 Nd7
21. Ba5 b6 22. Bd2 Rc4 23. a3 Rec8 24. Rxc4 bxc4 25. Bc3=
1/2-1/2

[Event "10th SC 1400/1800"]
[Site "SchemingMind.com"]
[Date "2006.05.12"]
[Round "-"]
[White "Richard W"]
[Black "e_castle3"]
[Result "1/2-1/2"]
[WhiteCountry "ENG"]
[BlackCountry "PHI"]
[WhiteElo "1795"]
[WhiteRD "90"]
[BlackElo "1712"]
[BlackRD "72"]
[GameID "50540"]

1. e4 e6 2. d4 d5 3. exd5 exd5 4. Nf3 Nc6 5. Bb5 Bd7 6. O-O Nf6 7. Bg5 Be7 8. Re1 O-O 9. Nc3 a6 10. Bxc6 Bxc6
11. Ne5 Be8 12. a3 h6 13. Bf4 c6 14. Qd2 Nd7 15. Re2 Nxe5 16. Bxe5 f6 17. Bf4 Bh5 18. Re3 Bd6 19. Bxd6 Qxd6 20. Rg3 Kh8
21. Rh3 Bg6 22. Ne2 Rae8 23. Re3 Rxe3 24. fxe3 Re8 25. Ng3 Qe6=
1/2-1/2

[Event "10th SC 1400/1800"]
[Site "SchemingMind.com"]
[Date "2006.05.12"]
[Round "-"]
[White "Richard W"]
[Black "eregatky"]
[Result "1/2-1/2"]
[WhiteCountry "ENG"]
[BlackCountry "ARG"]
[WhiteElo "1795"]
[WhiteRD "90"]
[BlackElo "1873"]
[BlackRD "130"]
[GameID "50541"]

1. d4 e6 2. e4 d5 3. e5 c5 4. Bb5+ Bd7 5. Bxd7+ Nxd7 6. Nf3 Qb6 7. c3 Ne7 8. O-O cxd4 9. cxd4 Nc6 10. a3 Be7
11. Nc3 O-O 12. Na4 Qd8 13. b4 Rc8 14. Be3 b5 15. Nb2 a5 16. bxa5 Nxa5 17. Bd2 Nc4 18. Nxc4 bxc4 19. Bc3 Ra8 20. a4 Nb8
21. Qd2 Na6 22. Rfb1 Rb8 23. h3 Qd7 24. a5 Rb5 25. Rxb5 Qxb5 26. Qc1 Rb8 27. Nd2 h6 28. Rb1 Qc6 29. Rxb8+ Nxb8 30. Qb1 Na6
31. f4 g6 32. Nf3 Kf8 33. Qc1 Kg7 34. Qb1=
1/2-1/2

[Event "10th SC 1400/1800"]
[Site "SchemingMind.com"]
[Date "2006.05.12"]
[Round "-"]
[White "AaronB"]
[Black "Richard W"]
[Result "0-1"]
[WhiteCountry "USA"]
[BlackCountry "ENG"]
[WhiteElo "1577"]
[WhiteRD "67"]
[BlackElo "1779"]
[BlackRD "93"]
[GameID "50542"]

1. e4 e5 2. f4 Bc5 3. Nf3 d6 4. c3 Bg4 5. fxe5 dxe5 6. d4 exd4 7. cxd4 Bxf3 8. gxf3 Qxd4 9. Qxd4 Bxd4 10. Nc3 c6
11. Bd2 Nd7 12. O-O-O O-O-O 13. Bc4 Nc5 14. b4 Ne6 15. Bxe6+ fxe6 16. Ne2 Nf6 17. Nxd4 Rxd4 18. Bc3 Rxd1+ 19. Rxd1 Rd8 20. Rxd8+ Kxd8
21. Kd2 Kd7 22. Kd3 b6 23. a4 Ne8 24. e5 Nc7 25. Ke4 Nd5 26. Bd2 a6 27. f4 c5 28. bxc5 bxc5 29. Kd3 Kc6 30. Kc4 Nb6+
31. Kb3 Kd5 32. a5 Nc4 33. Bc3 Ne3 34. Be1 g6 35. Kc3 Ke4 36. Bg3 Kd5 37. Kd3 Nf1 38. Kc3 Nxg3 39. hxg3 h5 40. Kd3 c4+
41. Ke3 Kc5 42. Kd2 Kb4 43. Kc2 Kxa5 44. Kc3 Kb5 45. Kc2 Kb4 46. Kb2 c3+ 47. Kc2 a5
0-1

[Event "10th SC 1400/1800"]
[Site "SchemingMind.com"]
[Date "2006.05.13"]
[Round "-"]
[White "capablanca"]
[Black "Richard W"]
[Result "1/2-1/2"]
[WhiteCountry "GER"]
[BlackCountry "ENG"]
[WhiteElo "1599"]
[WhiteRD "61"]
[BlackElo "1779"]
[BlackRD "93"]
[GameID "50543"]

1. e4 e5 2. Nf3 Nc6 3. Bc4 Nf6 4. O-O Bc5 5. d3 d6 6. h3 h6 7. Nc3 O-O 8. Nd5 Nxd5 9. Bxd5 Nd4 10. c3 Nxf3+
11. Qxf3 c6 12. Bb3 Be6 13. Bxe6 fxe6 14. Qg4 Qf6 15. Be3=
1/2-1/2

[Event "10th SC 1400/1800"]
[Site "SchemingMind.com"]
[Date "2006.05.13"]
[Round "-"]
[White "e_castle3"]
[Black "Richard W"]
[Result "1/2-1/2"]
[WhiteCountry "PHI"]
[BlackCountry "ENG"]
[WhiteElo "1723"]
[WhiteRD "70"]
[BlackElo "1790"]
[BlackRD "93"]
[GameID "50544"]

1. e4 e5 2. Nf3 Nf6 3. Nc3 Nc6 4. Bc4 Bc5 5. O-O O-O 6. d3 h6 7. Be3 Bxe3 8. fxe3 d6 9. Qe1 Be6 10. Bb3 a6
11. Rd1 Bxb3 12. axb3 Nh7 13. Nh4 Nb4 14. Rd2 Qd7 15. Qg3 Qe7 16. Rdf2 Qg5 17. Qxg5 Nxg5 18. Nf5 Rae8= 19. Nd5 Nxd5 20. exd5 f6
21. h4 Nf7 22. e4 Kh7 23. Rf3 Rg8 24. Kf2 g5 25. g3 g4 26. Re3 h5 27. Ke1 Rg6 28. Re2 Nh6 29. Ref2 Rf8 30. Ne3 Rf7=
31. Nc4 b6 32. Kd2 Kg7 33. b4 Rf8 34. c3 Ra8 35. Ke3 Ng8 36. d4 exd4+ 37. Kxd4 Ne7 38. Ne3 Ra7 39. Ra1 Rh6 40. b3 Rh8
41. Ng2 c5+ 42. bxc5 bxc5+ 43. Kc4 Ng6 44. Kd3 Ne5+ 45. Kc2 Nf3 46. Nf4 Kh6 47. Ne6 Rb8 48. c4 Rab7 49. Ra3 a5 50. Kc3 Ra7
51. Rfa2=
1/2-1/2

[Event "10th SC 1400/1800"]
[Site "SchemingMind.com"]
[Date "2006.06.01"]
[Round "-"]
[White "eregatky"]
[Black "Richard W"]
[Result "1/2-1/2"]
[WhiteCountry "ARG"]
[BlackCountry "ENG"]
[WhiteElo "1873"]
[WhiteRD "130"]
[BlackElo "1795"]
[BlackRD "90"]
[GameID "50545"]

1. e4 e5 2. Nf3 Nf6 3. Nxe5 d6 4. Nf3 Nxe4 5. Nc3 Nf6 6. d4 Bg4 7. d5 Qe7+ 8. Be2 Bxf3 9. gxf3 g6 10. Bf4 Bg7
11. Qd2 Nbd7 12. O-O-O O-O 13. Rde1 Qd8 14. Kb1 a6 15. Bg5 Qc8 16. Bh6 Nb6 17. Bxg7 Kxg7 18. Qd3 Re8 19. f4 Qf5 20. Qxf5 gxf5
21. Bf3 Rxe1+ 22. Rxe1 Re8 23. Rxe8 Nxe8 24. Kc1 Nf6 25. h3 h6 26. b3 Kg6=
1/2-1/2

[Event "10th SC 1400/1800"]
[Site "SchemingMind.com"]
[Date "2006.05.15"]
[Round "-"]
[White "alejandroales"]
[Black "Richard W"]
[Result "0-1"]
[WhiteCountry "ARG"]
[BlackCountry "ENG"]
[WhiteElo "1687"]
[WhiteRD "70"]
[BlackElo "1795"]
[BlackRD "90"]
[GameID "50897"]

1. Nc3 Nf6 2. e4 e5 3. f4 Nc6 4. Bc4 d6 5. Nf3 Be7 6. O-O O-O 7. f5 a6 8. a3 b5 9. Ba2 Bb7 10. d3 h6
11. Nh4 Nh7 12. Ng6 Re8 13. Nxe7+ Nxe7 14. Qg4 Nf6 15. Qh4 d5 16. Rf3 dxe4 17. dxe4 Bxe4 18. Nxe4 Qd1+ 19. Rf1 Qd4+ 20. Kh1 Qxe4
21. Qxe4 Nxe4 22. Be3 Rad8 23. f6 Nxf6 24. Bxh6 Ned5 25. Bg5 Rd6 26. Rad1 Red8 27. Rfe1 Nf4 28. Rxd6 Rxd6 29. g3 Ng6 30. Kg2 Kf8
31. Be3 Rd7 32. Bc5+ Kg8 33. Re2 Ng4 34. h3 Nf6 35. c4 c6 36. cxb5 cxb5 37. Bb1 e4 38. Bb4 Nd5 39. Rd2 Ne3+ 40. Kf2 Rxd2+
41. Bxd2 Nd1+ 42. Ke2 Nxb2 43. Bxe4 Nc4 44. Bxg6 fxg6 45. Bc3 Nxa3 46. Kd3 Nc4 47. g4 Kf7 48. h4 Ke6 49. Bxg7 Ne5+ 50. Kc3 Nxg4
51. Kb4 Kd5 52. Ka5 Kc4 53. Kxa6 b4 54. Kb6 Ne3 55. Kc6 Nf5 56. Bf6 Nd4+ 57. Kd7 b3
0-1

[Event "10th SC 1400/1800"]
[Site "SchemingMind.com"]
[Date "2006.05.15"]
[Round "-"]
[White "alejandroales"]
[Black "AaronB"]
[Result "0-1"]
[WhiteCountry "ARG"]
[BlackCountry "USA"]
[WhiteElo "1687"]
[WhiteRD "70"]
[BlackElo "1574"]
[BlackRD "61"]
[GameID "50898"]

1. c4 e6 2. d4 Nf6 3. Nc3 Bb4 4. Nf3 c5 5. g3 Ne4 6. Qc2 f5 7. Bg2 Nc6 8. d5 Nd4 9. Nxd4 cxd4 10. O-O dxc3
11. a3 Ba5 12. b4 Bc7 13. dxe6 dxe6 14. Bxe4 fxe4 15. Qxe4 O-O 16. Be3 Bb6 17. c5 Bc7 18. Rad1 Qe7 19. Rd3 Rb8 20. Rfd1 Rd8
21. Bd4 c2 22. Rc1 e5 23. Bb2 Rxd3 24. Qxd3 Bh3 25. Rxc2 Rf8 26. Rd2 Qf6 27. Qe3 Rd8 28. Rd3 Rxd3 29. Qxd3 Qc6 30. f3 Be6
31. Kf2 b6 32. cxb6 Bxb6+ 33. Kg2 Bc4 34. Qc2 Qb5 35. Bxe5 Qxe5 36. Qxc4+ Kf8 37. Qf4+ Qxf4 38. gxf4 Ke7 39. e4 Ke6 40. a4 Be3
41. Kg3 a6 42. h4 h5 43. b5 axb5 44. axb5 g6 45. Kg2 Bxf4 46. Kf2 Bc7 47. Ke3 Kd6 48. Kd4 Bd8 49. e5+ Ke6 50. Kc5 Bxh4
51. Kc6 Bd8 52. f4 h4
0-1

[Event "10th SC 1400/1800"]
[Site "SchemingMind.com"]
[Date "2006.05.15"]
[Round "-"]
[White "alejandroales"]
[Black "capablanca"]
[Result "1-0"]
[WhiteCountry "ARG"]
[BlackCountry "GER"]
[WhiteElo "1679"]
[WhiteRD "73"]
[BlackElo "1599"]
[BlackRD "61"]
[GameID "50899"]

1. d4 d5 2. c4 c6 3. Nc3 Nf6 4. Nf3 dxc4 5. a4 g6 6. e4 Bg7 7. Bxc4 O-O 8. O-O Bg4 9. Be3 Nbd7 10. h3 Bxf3
11. Qxf3 Nb6 12. Ba2 Qc7 13. Rac1 Qd7 14. Rfd1 Rfd8 15. d5 cxd5 16. Bxb6 axb6 17. e5 Ne8 18. Nxd5 Qf5 19. Nxe7+
1-0

[Event "10th SC 1400/1800"]
[Site "SchemingMind.com"]
[Date "2006.05.15"]
[Round "-"]
[White "alejandroales"]
[Black "e_castle3"]
[Result "1/2-1/2"]
[WhiteCountry "ARG"]
[BlackCountry "PHI"]
[WhiteElo "1687"]
[WhiteRD "70"]
[BlackElo "1712"]
[BlackRD "72"]
[GameID "50900"]

1. Nf3 d5 2. c4 c6 3. d4 Nf6 4. cxd5 cxd5 5. Nc3 Nc6 6. Bf4 a6 7. e3 Bg4 8. Be2 e6 9. Rc1 Bd6 10. Ne5 Bxe2
11. Qxe2 O-O 12. O-O Rc8 13. Rc2 Bb8 14. Nxc6 Rxc6 15. Bxb8 Qxb8 16. Rfc1 Rfc8=
1/2-1/2

[Event "10th SC 1400/1800"]
[Site "SchemingMind.com"]
[Date "2006.05.15"]
[Round "-"]
[White "alejandroales"]
[Black "eregatky"]
[Result "0-1"]
[WhiteCountry "ARG"]
[BlackCountry "ARG"]
[WhiteElo "1700"]
[WhiteRD "62"]
[BlackElo "1916"]
[BlackRD "122"]
[GameID "50901"]

1. d4 e6 2. c4 f5 3. g3 Nf6 4. Bg2 d5 5. Nc3 Be7 6. Nh3 O-O 7. O-O c6 8. Nf4 Qe8 9. b3 Nh5 10. Qd2 Nxf4
11. Qxf4 Nd7 12. Bb2 Nf6 13. Rad1 Kh8 14. h4 Qf7 15. Na4 Bd8 16. Nc5 Bc7 17. Qc1 Rg8 18. Kh2 Qh5 19. Rh1 Qxh4+ 20. Kg1 Qg4
21. Bf3 Qg6 22. Nd3 Bd7 23. Ne5 Bxe5 24. dxe5 Ne4 25. Bh5 Qg5 26. Qxg5 Nxg5 27. Bc1 Ne4 28. Kg2 Be8 29. Bf3 Rf8 30. Rh2 Bg6
31. Ba3 Rfe8 32. Bxe4 fxe4 33. Bd6 Rad8 34. c5 b5 35. Rd2 a5 36. a4 b4 37. Rh4 Rd7 38. Rf4 Kg8 39. Rd1 e3 40. Rc1 exf2
41. Kxf2 Rf7 42. e3 Ra8 43. Kf3 Raa7 44. Kg2 Rab7 45. Kf3 Bf5 46. Kg2 g5 47. Rf2 Be4+ 48. Kg1 Rxf2 49. Kxf2 Rf7+ 50. Ke2 h5
0-1

[Event "10th SC 1400/1800"]
[Site "SchemingMind.com"]
[Date "2006.05.15"]
[Round "-"]
[White "Richard W"]
[Black "alejandroales"]
[Result "1-0"]
[WhiteCountry "ENG"]
[BlackCountry "ARG"]
[WhiteElo "1779"]
[WhiteRD "93"]
[BlackElo "1679"]
[BlackRD "73"]
[GameID "50902"]

1. c4 Nf6 2. Nc3 e6 3. e4 b6 4. e5 Ng8 5. Nf3 Bb7 6. d4 f6 7. exf6 Nxf6 8. Bg5 Be7 9. d5 exd5 10. Bxf6 Bxf6
11. cxd5 O-O 12. Be2 Qe7 13. O-O Na6 14. Re1 Qf7 15. Qc2 Nb4 16. Qb3 Nxd5 17. Bc4 c6 18. Rad1 Bxc3 19. bxc3 Qf5 20. Bd3 Qh5
21. Re5 Qg4 22. h3
1-0

[Event "10th SC 1400/1800"]
[Site "SchemingMind.com"]
[Date "2006.05.15"]
[Round "-"]
[White "AaronB"]
[Black "alejandroales"]
[Result "0-1"]
[WhiteCountry "USA"]
[BlackCountry "ARG"]
[WhiteElo "1574"]
[WhiteRD "61"]
[BlackElo "1687"]
[BlackRD "70"]
[GameID "50903"]

1. e4 c5 2. f4 Nc6 3. Nf3 g6 4. d4 cxd4 5. Nxd4 Bg7 6. Be3 Nf6 7. Nc3 O-O 8. Be2 d6 9. O-O Bd7 10. a3 Rc8
11. Qd3 Ng4 12. Nxc6 Rxc6 13. Bxg4 Bxg4 14. Bd4 e5 15. fxe5 dxe5 16. Be3 Qxd3 17. cxd3 Rd8 18. Nd5 Kf8 19. Rf2 f5 20. h3 f4
21. Bxa7 Be6 22. Nb4 Rcc8 23. Rd2 Kf7 24. Bf2 Bf8 25. Nc2 Bb3 26. Ne1 h5 27. Nf3 Bg7 28. Bh4 Rd7 29. Ne1 Rdc7 30. g3 Rc1
31. Rxc1 Rxc1 32. Kf1 Bh6 33. gxf4 Bxf4 34. Rf2 Ke6 35. Bd8 Bg3 36. Rf6+ Kd7 37. Ba5 g5 38. Bc3 Be6 39. Rf3 Bxh3+
0-1

[Event "10th SC 1400/1800"]
[Site "SchemingMind.com"]
[Date "2006.05.16"]
[Round "-"]
[White "capablanca"]
[Black "alejandroales"]
[Result "1/2-1/2"]
[WhiteCountry "GER"]
[BlackCountry "ARG"]
[WhiteElo "1590"]
[WhiteRD "58"]
[BlackElo "1687"]
[BlackRD "70"]
[GameID "50904"]

1. e4 c5 2. c3 e6 3. d4 d5 4. dxc5 Bxc5 5. exd5 exd5 6. Nf3 Nf6 7. Qe2+ Be6 8. Qb5+ Qd7 9. Qxc5 Nc6 10. Bb5 Ne4
11. Qa3 Rd8 12. Ne5 Qc7 13. Bf4 Qc8 14. O-O a6 15. Bxc6+ bxc6 16. Nd2 Nd6 17. Rfe1 O-O 18. Qa4 Nb5 19. Qc2 Rde8 20. Re3 Bf5
21. Qd1 d4 22. cxd4 Nxd4 23. Rc1 Qb7 24. b3 Rd8 25. Qh5 g6 26. Qh4 Qb4 27. Ndc4 Ne6 28. Nxc6 Qc5 29. Nxd8 Rxd8 30. Rec3 Qd4
31. h3 Nxf4 32. Kh2 Ne2 33. Qxd4 Rxd4 34. Ne3 Be6 35. Nc4 Nxc1 36. Rxc1 Bxc4 37. bxc4 Kf8 38. Rc2 Ke8 39. Kg3 f5 40. c5 Kd7
41. c6+ Kc7 42. Kf3 Ra4 43. g4 fxg4+ 44. hxg4 h6 45. Kg3 g5 46. f3 Rf4 47. Rc3 Ra4 48. a3 Rf4 49. Kf2 Ra4 50. Ke2 Rd4
51. Ke3=
1/2-1/2

[Event "10th SC 1400/1800"]
[Site "SchemingMind.com"]
[Date "2006.05.15"]
[Round "-"]
[White "e_castle3"]
[Black "alejandroales"]
[Result "1-0"]
[WhiteCountry "PHI"]
[BlackCountry "ARG"]
[WhiteElo "1723"]
[WhiteRD "70"]
[BlackElo "1700"]
[BlackRD "62"]
[GameID "50905"]

1. e4 c5 2. Nf3 d6 3. g3 g6 4. Bg2 Bg7 5. O-O Nc6 6. c3 Nf6 7. Re1 Qc7 8. d4 cxd4 9. cxd4 O-O 10. Nc3 a6
11. Bg5 b5 12. Bxf6 Bxf6 13. Nd5 Qd8 14. Nxf6+ exf6 15. Rc1 Bb7 16. d5 Ne5 17. b3 Qb6 18. Re2 Rfc8 19. Rec2 Rxc2 20. Rxc2 Rc8
21. Rxc8+ Bxc8 22. h3 Qc5 23. Qd2 Nxf3+ 24. Bxf3 Bxh3 25. g4 f5 26. exf5 gxf5 27. Qg5+ Kh8 28. Qxf5 Qc1+ 29. Kh2 Bf1 30. Qxf7 Qh6+
31. Kg1 Bd3 32. Qe8+ Kg7 33. Qe7+ Kg8 34. Qe6+ Qxe6 35. dxe6 Bb1 36. Bd5 Kf8 37. b4 Ke7 38. f4 h6 39. Kf2 Bd3 40. Ke3 Bc2
41. f5 Bb1 42. Kf4 Kf6 43. a3 Bd3 44. Bb7
1-0